Aké môžu byť dopady krízy na sektor dopravy a logistiky

Úverová kríza. Finančná kríza a doprava. Automotive. Poradenské a consultingové spoločnosti.

Guardado en:
Detalles Bibliográficos
Autor principal: Moravčík, Tomáš
Formato: Capítulo de libro
Lenguaje:eslovaco
Materias:
Etiquetas: Agregar Etiqueta
Sin Etiquetas, Sea el primero en etiquetar este registro!

MARC

LEADER 00000naa$a2200000$$$4500
001 0091589
005 20231006123400.5
041 0 |a slo 
044 |a SK 
245 1 0 |a Aké môžu byť dopady krízy na sektor dopravy a logistiky  |c Tomáš Moravčík 
520 |a Úverová kríza. Finančná kríza a doprava. Automotive. Poradenské a consultingové spoločnosti. 
610 2 0 |a doprava 
610 2 0 |a logistika 
610 2 0 |a kríza finančná 
610 2 0 |a služby 
100 1 |a Moravčík, Tomáš